Tìm hiểu tình hình bão nhiệt đới trên thế giới trong những năm gần đây và ảnh hưởng của nó tới hoạt động sản xuất. đời sống con người
Cơ sở lý luận. Tình hình bão nhiệt đới trên thế giới trong những năm gần đây. Ảnh hưởng của bão nhiệt đới tới hoạt động sản xuất và đời sống của con người
保存先:
| 第一著者: | |
|---|---|
| その他の著者: | |
| フォーマット: | 図書 |
| 言語: | Vietnamese |
| 出版事項: |
Đại học Đà Nẵng
ĐH Sư phạm
2007
|
| 主題: | |
| タグ: |
タグ追加
タグなし, このレコードへの初めてのタグを付けませんか!
|
| Thư viện lưu trữ: | Mạng thư viện Đại học Đà Nẵng |
|---|
| LEADER | 01546nam a2200361 4500 | ||
|---|---|---|---|
| 001 | 000010857 | ||
| 003 | 7078 | ||
| 005 | 20111223091208.0 | ||
| 008 | 111222s2007 viesd | ||
| 041 | |a vie | ||
| 072 | |a Khóa luận tốt nghiệp | ||
| 082 | |a 551.55 |b TA-D | ||
| 100 | |a Tạ Thị Dung | ||
| 245 | |a Tìm hiểu tình hình bão nhiệt đới trên thế giới trong những năm gần đây và ảnh hưởng của nó tới hoạt động sản xuất. đời sống con người |c Tạ Thị Dung | ||
| 260 | |a Đại học Đà Nẵng |b ĐH Sư phạm |c 2007 | ||
| 300 | |a 69 tr. |c 29 cm | ||
| 500 | |a Khóa luận tốt nghiệp Khoa Địa lý. | ||
| 520 | |a Cơ sở lý luận. Tình hình bão nhiệt đới trên thế giới trong những năm gần đây. Ảnh hưởng của bão nhiệt đới tới hoạt động sản xuất và đời sống của con người | ||
| 653 | |a Bão nhiệt đới | ||
| 653 | |a Sản xuất | ||
| 653 | |a Đời sống | ||
| 653 | |a Thế giới | ||
| 700 | |a Hồ Phong |c Th.S |e Hướng dân | ||
| OWN | |a LSP | ||
| AVA | |a UDN50 |b LSP |d 551.55 TA-D |e available |t Error 5001 Not defined in file expand_doc_bib_avail. |f 1 |g 0 |h N |i 0 |k 1 | ||
| 999 | |a From the UDN01 | ||
| AVA | |a UDN50 |b LSP |d 551.55 TA-D |e available |t Error 5001 Not defined in file expand_doc_bib_avail. |f 1 |g 0 |h N |i 0 |k 1 | ||
| TYP | |a Monograph | ||
| TYP | |a Printed language | ||
| 980 | |a Mạng thư viện Đại học Đà Nẵng | ||